00602nam a2200169Ia 4500003000900000008004100009040001600050080002500066110003300091245014500124260005000269300000800319500002900327650003700356650001800393650002100411IN-BaIIA211028s9999 xx 000 0 eng d cIIA Library a083.7:69.003.12bISI aIndian Standards Institution 0aIndian standard methods of measurement building and civil engineering worksbpt. 11, paving and floor finishescIndian Standards Institution aNew DelhibIndian Standards Institutionc1973 a8p. aIS 1200 : Part 11 : 1971 a Building Engineering-Standards a Standards  aNASA Thesaurus